Регионална библиотека "Любен Каравелов" - Русе

Латинско-српски речник (Запис номер 407533)

MARC детайли
000 -Лидер
Контролно поле с фиксирана дължина nam a22 a 4500
003 - Код на организацията, давaща контролен номер
Контролно поле BLK
005 - Дата и час на последна редакция
Контролно поле 20230209170037.0
008 - Елементи от данни с фиксирана дължина
fixed length control field 180410b bul|||||r ||||||| ||bul||
010 ## - Наследен системен номер
LC control number KNG00158836000
040 ## - Източник на каталожния запис
Идентификатор на билиотеката - собственик на записа BLK
041 ## - Код за език
Код за езика на текст/звукозапис или на отделно заглавие Други
-- Латински
-- Сръбски
Код за езика КДБФ Други
080 ## - УДК
Текстов определител УДК Лексикология. Езикови речници и разговорници. Лексикография
УДК код - определител по УДК 81`374
УДК определител =124=163.41
УДК - код + определител 81`374=124=163.41
100 ## - Редна дума - Автор
Автор Борьевич, Jован
Авторска отговорност първи автор
R(LIN) 447688
139 ## - Редно поле
Редна дума Борьевич, Jован
Авторски знак Боро - Б 67
245 10 - Сведения за заглавието
Заглавие Латинско-српски речник
Редно поле (дума) [Състав.] Jован Борьевич.
257 ## - Страна на издаване
Страна на създаване/издаване Сърбия
260 ## - Област на издателските данни
Име на издателя, разпространителя и проч. Државна штампарија
Година на издаване 1886
Място на издаване, разпространение и проч. Београд
9 (RLIN) 435680
300 ## - Физическа характеристика
Страници 1652 с.
Размери/Мащаб 17 см
380 ## - Жанр
Жанр Езикознание. Филология
490 ## - СЕРИИ (Колекции)
Име на серия Колекция Редки и ценни издания
650 #4 - Допълнително описание по предмет – тема
Основно описание – тема или топоним Речници, двуезични
9 (RLIN) 261427
650 #0 - Допълнително описание по предмет – тема
Основно описание – тема или топоним Латински език - речници
9 (RLIN) 267871
653 ## - Ключова дума – ненормативна
Ключова дума латински език
653 #7 - Ключова дума – ненормативна
Ключова дума сръбски език
653 ## - Ключова дума – ненормативна
Ключова дума речници
700 1# - Други автори (авторска отговорност)
Лично име Брожка, Иван
Автороска отговорност (Описва отношението между автора и произведението) състав.
9 (RLIN) 331769
852 ## - Местоположение
Форматна сигнатура Рл 886
Фондова буква Редки и ценни
856 4# - Електронен адрес и достъп
Електронен формат pdf - файл
999 ## - СИСТЕМНИ КОНТРОЛНИ НОМЕРА
Koha biblionumber 407533
Koha biblioitemnumber 407533
942 ## - АРТИКУЛИ
Вид на библиотечния материал Книги
Скрит в OPAC Не
Периодичен библиозапис Да
Koha issues (borrowed), all copies 1
944 ## - СЪЗДАВАНЕ И РЕДАКЦИЯ на ЗАПИСА
Създаване/Редакция Създаване
Дата на регистрацията/редакция 2021-04-12
Служител, извършил регистрацията/редакцията Кети
Наличности
Код за отписване Код за изгубен артикул Източник на класификационната схема Код за повреда Коз за рестрикции Код за отдаване Артикулен № Име на библиотеката - собственик Име на библиотеката, в която се намира в момента Статус (Текущо местоположение) Дата на вписване в системата Местоположение - отдел Цена в лева Инвентарен номер Систематично азбучна сигнатура Баркод Цена в евро Служебен тип на артикула
  Не е изгубен Universal Decimal Classification Не е повреден само за читалня Специални фондове ( старопечатни, редки и ценни, фонд М. Арнаудов) 854294 Регионална библиотека "Любен Каравелов" Русе Регионална библиотека "Любен Каравелов" Русе Редки и ценни 2021-09-23 Редки и ценни 3.31 9877/58 Рл 886 900000053977 1.69 Книги
Vip Innovations Ltd, Rousse, Bulgaria 2025